00317nam a2200133Ia 4500008004100000100001900041245002200060250001200082260004300094300000800137650001400145942000700159999001700166190216s9999||||xx |||||||||||||| ||und|| aThankappan V K 0aQuantum Mechanics a2ND EDN bNew Age International Publishersc2004 a539 aMechanics cBK c33513d33513